| 000 | 00561nam a2200181 a 4500 | ||
|---|---|---|---|
| 003 | BD-DhJNU | ||
| 005 | 20250831040419.0 | ||
| 008 | 250501s1961 ii a b 001 0 eng | ||
| 040 |
_aBD-DhJNU _bENG _cBD-DhJNU _dBD-DhJNU |
||
| 082 | 0 | 0 |
_a944.033 ASL _223 |
| 100 | 1 | _aAshley, Maurice | |
| 245 | 1 | 0 |
_aLouis XIV and the greatness of France / _cMaurice Ashley |
| 260 |
_aLondon : _bThe English Universities Press Ltd, _c1961. |
||
| 300 |
_aix, 263 p. ; _c19 cm. |
||
| 504 | _aIncludes bibliographical references and index. | ||
| 650 | 0 | _aFrance History | |
| 942 | _cBK | ||
| 999 |
_c2045 _d2045 |
||